[Event "27th GER-ch Rapid Women 2019"]
[Site "Neumarkt in der Oberpfalz"]
[Date "2019.09.22"]
[Round "7.2"]
[White "Roessler, Ulrike"]
[Black "Siegl, Melina"]
[Result "0-1"]
[WhiteElo "2102"]
[BlackElo "2018"]
[Annotator "TA"]
[PlyCount "33"]
[EventDate "2019.09.21"]
[EventType "swiss"]
[EventCountry "GER"]
[SourceTitle "playchess.com"]
[Source "ChessBase"]
[SourceQuality "1"]

{[%evp 16,19,68,64,80,72]} 1. e4 c5 2. Nf3 e6 3. d4 cxd4 4. Nxd4 Nf6 5. Nc3 d6 6. g4 a6 7. Be3 b5 8. g5 Nfd7 9. f4 Bb7 {B81: Sicilian Scheveningen: Keres Attack} 10. Bg2 {[%mdl 32768] Loss on time!?} {Predecessor:} Nb6 $146 11. Qf3 N8d7 12. O-O-O Rc8 13. f5 Ne5 14. Qh3 Rxc3 15. bxc3 Nbc4 16. Bf4 Qa5 17. Kb1 {1-0 (32) Kononenko,D (2593)-Oparin,G (2356) Pardubice 2011} 0-1

[Event "27th GER-ch Rapid Women 2019"]
[Site "Neumarkt in der Oberpfalz"]
[Date "2019.09.22"]
[Round "7.3"]
[White "Schilay, Eva"]
[Black "Mader, Lena"]
[Result "0-1"]
[WhiteElo "1648"]
[BlackElo "1808"]
[Annotator "NA RC"]
[PlyCount "46"]
[EventDate "2019.09.21"]
[EventType "swiss"]
[EventCountry "GER"]
[SourceTitle "playchess.com"]
[Source "ChessBase"]
[SourceQuality "1"]
[TimeControl "900+10"]

1. e4 {[%emt 0:15:10]} c6 {[%emt 0:15:10]} 2. d4 {[%emt 0:00:00]} d5 {[%emt 0:00:00]} 3. exd5 {[%emt 0:00:00]} cxd5 {[%emt 0:00:00]} 4. Be3 {[%emt 0:00:00]} Nc6 {[%emt 0:00:00]} 5. c3 {[%emt 0:00:00]} Nf6 {[%emt 0:00:00]} 6. h3 {[%emt 0:00:00]} Qb6 {[%emt 0:00:00]} 7. Qc2 {[%emt 0:00:00]} g6 {[%emt 0:00:00]} 8. Bd3 {[%emt 0:00:00]} Bg7 {[%emt 0:00:00]} 9. Nf3 {[%emt 0:00:00]} O-O {[%emt 0:00:00]} 10. O-O {[%emt 0:00:00]} Qc7 {[%emt 0:00:00]} 11. Nbd2 {[%emt 0:00:00]} Nh5 {[%emt 0:00:00]} 12. Rae1 {[%emt 0:00:00]} Nf4 {[%emt 0:00:00]} 13. Bxf4 {[%emt 0:00:00]} Qxf4 {[%emt 0:00:00]} 14. Re2 {[%emt 0:00:00]} a6 {[%emt 0:00:00]} 15. Rfe1 {[%emt 0:00:00]} b5 {[%emt 0:00:00]} 16. Nb3 {[%emt 0:00:00]} Bxh3 {[%emt 0:00:00]} 17. Ne5 {[%emt 0:00:00]} Nxe5 {[%emt 0:00:00]} 18. dxe5 {[%emt 0:00:00]} Be6 {[%emt 0:00:00]} 19. Nd4 {[%emt 0:00:00]} Rac8 {[%emt 0:00:00]} 20. Re3 {[%emt 0:00:00]} h5 {[%emt 0:00:09]} 21. Rg3 {[%emt 0:00:00]} Bg4 {[%emt 0:00:23]} 22. e6 {[%emt 0:00:00]} Bxd4 {[%emt 0:00:02]} 23. exf7+ {[%emt 0:00:00]} Rxf7 {[%emt 0:00:01]} 0-1

[Event "27th GER-ch Rapid Women 2019"]
[Site "Neumarkt in der Oberpfalz"]
[Date "2019.09.22"]
[Round "8.1"]
[White "Siegl, Melina"]
[Black "Muetsch, Annmarie"]
[Result "0-1"]
[WhiteElo "2018"]
[BlackElo "2250"]
[Annotator "NA"]
[PlyCount "31"]
[EventDate "2019.09.21"]
[EventType "swiss"]
[EventCountry "GER"]
[SourceTitle "playchess.com"]
[Source "ChessBase"]
[SourceQuality "1"]
[TimeControl "900+10"]

1. e4 {[%emt 0:00:00]} c5 {[%emt 0:00:00]} 2. Nf3 {[%emt 0:00:00]} e6 {[%emt 0:00:03]} 3. d3 {[%emt 0:00:00]} Nc6 {[%emt 0:00:09]} 4. g3 {[%emt 0:00:00]} Nf6 {[%emt 0:00:06]} 5. Nbd2 {[%emt 0:00:03]} d6 {[%emt 0:00:53]} 6. Bg2 {[%emt 0:00:02]} g6 {[%emt 0:00:05]} 7. O-O {[%emt 0:00:07]} Bg7 {[%emt 0:00:09]} 8. c3 {[%emt 0:01:05]} O-O {[%emt 0:00:21]} 9. Qe2 {[%emt 0:02:49]} e5 {[%emt 0:00:46]} 10. h3 {[%emt 0:00:12]} Rb8 {[%emt 0:00:39]} 11. Nh4 {[%emt 0:01:15]} b5 $15 {[%emt 0:01:41]} 12. Kh2 {[%emt 0:01:25]} b4 {[%emt 0:00:52]} 13. Nc4 {[%emt 0:01:42]} bxc3 {[%emt 0:00:55]} 14. bxc3 {[%emt 0:00:01]} Na5 {[%emt 0:01:05]} 15. Ne3 {[%emt 0:01:29]} Ba6 {[%emt 0:02:25]} 16. Nc2 {[%emt 0:01:22]} 0-1

[Event "27th GER-ch Rapid Women 2019"]
[Site "Neumarkt in der Oberpfalz"]
[Date "2019.09.22"]
[Round "8.2"]
[White "Roessler, Ulrike"]
[Black "Anita Bharathi A S E"]
[Result "1-0"]
[WhiteElo "2102"]
[BlackElo "1263"]
[Annotator "NA"]
[PlyCount "21"]
[EventDate "2019.09.21"]
[EventType "swiss"]
[EventCountry "GER"]
[SourceTitle "playchess.com"]
[Source "ChessBase"]
[SourceQuality "1"]
[TimeControl "900+10"]

1. e4 e6 2. d4 {[%emt 0:00:00]} d5 {[%emt 0:00:00]} 3. Nc3 {[%emt 0:00:00]} Nf6 {[%emt 0:00:00]} 4. Bg5 {[%emt 0:00:00]} Be7 {[%emt 0:00:00]} 5. e5 Nfd7 {[%emt 0:15:50]} 6. Bxe7 {[%emt 0:00:01]} Qxe7 {[%emt 0:00:00]} 7. f4 {[%emt 0:00:07]} O-O {[%emt 0:00:00]} 8. Nf3 {[%emt 0:00:04]} c5 {[%emt 0:00:00]} 9. Qd2 {[%emt 0:00:18]} Nc6 {[%emt 0:00:00]} 10. O-O-O {[%emt 0:00:18]} f6 {[%emt 0:00:00]} 11. dxc5 {[%emt 0:03:31]} 1-0

[Event "27th GER-ch Rapid Women 2019"]
[Site "Neumarkt in der Oberpfalz"]
[Date "2019.09.22"]
[Round "8.3"]
[White "Noll, Sonja"]
[Black "Schilay, Eva"]
[Result "1-0"]
[WhiteElo "1783"]
[BlackElo "1648"]
[Annotator "NA RC"]
[PlyCount "31"]
[EventDate "2019.09.21"]
[EventType "swiss"]
[EventCountry "GER"]
[SourceTitle "playchess.com"]
[Source "ChessBase"]
[SourceQuality "1"]
[TimeControl "900+10"]

1. e4 {[%emt 0:00:00]} d6 {[%emt 0:00:00]} 2. d4 {[%emt 0:00:01]} Nf6 {[%emt 0:00:00]} 3. Nc3 {[%emt 0:00:10]} e5 {[%emt 0:00:00]} 4. dxe5 {[%emt 0:00:13]} dxe5 {[%emt 0:00:00]} 5. Qxd8+ {[%emt 0:00:03]} Kxd8 {[%emt 0:00:00]} 6. Nf3 {[%emt 0:00:06]} Bd6 {[%emt 0:00:04]} 7. Bg5 {[%emt 0:00:07]} Be6 {[%emt 0:00:02]} 8. O-O-O {[%emt 0:00:17]} Nbd7 {[%emt 0:00:02]} 9. h3 {[%emt 0:00:46]} a6 {[%emt 0:00:03]} 10. a3 {[%emt 0:00:09]} Ke7 {[%emt 0:00:24]} 11. Be2 {[%emt 0:00:30]} b5 {[%emt 0:00:13]} 12. Nd5+ {[%emt 0:00:29]} Bxd5 {[%emt 0:00:10]} 13. Rxd5 {[%emt 0:00:49]} h6 {[%emt 0:00:36]} 14. Bxf6+ {[%emt 0:00:08]} gxf6 {[%emt 0:00:10]} 15. Nh4 {[%emt 0:00:13]} c6 {[%emt 0:00:36]} 16. Nf5+ {[%emt 0:00:10]} 1-0

[Event "27th GER-ch Rapid Women 2019"]
[Site "Neumarkt in der Oberpfalz"]
[Date "2019.09.22"]
[Round "9.1"]
[White "Muetsch, Annmarie"]
[Black "Schulze, Lara"]
[Result "1/2-1/2"]
[WhiteElo "2250"]
[BlackElo "2345"]
[Annotator "NA"]
[PlyCount "31"]
[EventDate "2019.09.21"]
[EventType "swiss"]
[EventCountry "GER"]
[SourceTitle "playchess.com"]
[Source "ChessBase"]
[SourceQuality "1"]
[TimeControl "900+10"]

1. e4 {[%emt 0:00:00]} e6 {[%emt 0:00:00]} 2. d4 {[%emt 0:00:00]} d5 {[%emt 0:00:00]} 3. Nd2 {[%emt 0:00:00]} c5 {[%emt 0:00:00]} 4. exd5 {[%emt 0:00:22]} Qxd5 {[%emt 0:00:00]} 5. Ngf3 {[%emt 0:00:02]} cxd4 {[%emt 0:00:00]} 6. Bc4 {[%emt 0:00:03]} Qd7 {[%emt 0:00:00]} 7. O-O {[%emt 0:00:04]} Nc6 {[%emt 0:00:05]} 8. Nb3 {[%emt 0:00:02]} a6 {[%emt 0:00:02]} 9. Nbxd4 {[%emt 0:00:05]} Nxd4 {[%emt 0:00:01]} 10. Nxd4 {[%emt 0:00:03]} Qc7 {[%emt 0:00:02]} 11. Bb3 {[%emt 0:00:35]} Bd6 {[%emt 0:00:06]} 12. h3 {[%emt 0:00:08]} Ne7 {[%emt 0:00:03]} 13. c3 {[%emt 0:00:44]} O-O {[%emt 0:00:07]} 14. Qe2 {[%emt 0:00:36]} Bd7 {[%emt 0:00:46]} 15. Bd2 {[%emt 0:01:39]} Rac8 {[%emt 0:01:47]} 16. Rfe1 {[%emt 0:00:32]} 1/2-1/2

[Event "27th GER-ch Rapid Women 2019"]
[Site "Neumarkt in der Oberpfalz"]
[Date "2019.09.22"]
[Round "9.2"]
[White "Rath, Alina"]
[Black "Schmidt, Jessica"]
[Result "1/2-1/2"]
[WhiteElo "2042"]
[BlackElo "2239"]
[Annotator "NA"]
[PlyCount "35"]
[EventDate "2019.09.21"]
[EventType "swiss"]
[EventCountry "GER"]
[SourceTitle "playchess.com"]
[Source "ChessBase"]
[SourceQuality "1"]
[TimeControl "900+10"]

1. c4 {[%emt 0:00:00]} c6 {[%emt 0:00:00]} 2. Nc3 {[%emt 0:00:00]} d5 {[%emt 0:00:00]} 3. d4 {[%emt 0:00:00]} Nf6 {[%emt 0:00:00]} 4. e3 {[%emt 0:00:00]} a6 {[%emt 0:00:00]} 5. Nf3 {[%emt 0:00:02]} g6 {[%emt 0:00:02]} 6. b3 {[%emt 0:00:09]} Bg7 {[%emt 0:00:16]} 7. Bd3 {[%emt 0:00:03]} b5 {[%emt 0:00:05]} 8. Qc2 {[%emt 0:00:44]} O-O {[%emt 0:00:24]} 9. O-O {[%emt 0:00:04]} Nbd7 {[%emt 0:00:17]} 10. Bb2 {[%emt 0:00:16]} bxc4 {[%emt 0:01:26]} 11. bxc4 {[%emt 0:00:03]} dxc4 {[%emt 0:00:04]} 12. Bxc4 {[%emt 0:00:07]} c5 {[%emt 0:00:19]} 13. dxc5 {[%emt 0:00:44]} Nxc5 {[%emt 0:00:09]} 14. Rfd1 {[%emt 0:00:03]} Qa5 {[%emt 0:01:22]} 15. Nd5 {[%emt 0:01:08]} Nxd5 {[%emt 0:01:09]} 16. Bxd5 {[%emt 0:00:04]} Rb8 {[%emt 0:00:10]} 17. Bxg7 {[%emt 0:00:19]} Kxg7 {[%emt 0:00:01]} 18. Rac1 {[%emt 0:00:08]} 1/2-1/2

[Event "27th GER-ch Rapid Women 2019"]
[Site "Neumarkt in der Oberpfalz"]
[Date "2019.09.22"]
[Round "9.3"]
[White "Adelhardt, Lisa"]
[Black "Schilay, Eva"]
[Result "0-1"]
[WhiteElo "1418"]
[BlackElo "1648"]
[Annotator "NA"]
[PlyCount "68"]
[EventDate "2019.09.21"]
[EventType "swiss"]
[EventCountry "GER"]
[SourceTitle "playchess.com"]
[Source "ChessBase"]
[SourceQuality "1"]
[TimeControl "900+10"]

1. e4 {[%emt 0:00:00]} d6 {[%emt 0:00:00]} 2. d4 {[%emt 0:00:01]} Nf6 {[%emt 0:00:00]} 3. Nc3 {[%emt 0:00:04]} e5 {[%emt 0:00:00]} 4. Nf3 {[%emt 0:00:09]} Nbd7 {[%emt 0:00:00]} 5. Bc4 {[%emt 0:00:13]} Be7 {[%emt 0:00:04]} 6. O-O {[%emt 0:00:10]} c6 {[%emt 0:00:10]} 7. a4 {[%emt 0:00:28]} a5 {[%emt 0:00:24]} 8. Be3 {[%emt 0:01:12]} O-O {[%emt 0:00:08]} 9. h3 {[%emt 0:00:22]} Qc7 {[%emt 0:00:03]} 10. dxe5 {[%emt 0:00:13]} dxe5 {[%emt 0:01:09]} 11. Qe2 {[%emt 0:00:31]} b6 {[%emt 0:00:18]} 12. Rad1 {[%emt 0:00:49]} Bb7 {[%emt 0:00:05]} 13. Bg5 {[%emt 0:02:37]} h6 {[%emt 0:00:18]} 14. Bh4 {[%emt 0:01:39]} Rfe8 {[%emt 0:00:22]} 15. Qe3 {[%emt 0:01:53]} Bc5 {[%emt 0:00:35]} 16. Qe2 {[%emt 0:00:51]} Rad8 {[%emt 0:00:30]} 17. Bxf6 {[%emt 0:00:56]} Nxf6 {[%emt 0:00:19]} 18. Rxd8 {[%emt 0:01:48]} Rxd8 {[%emt 0:00:01]} 19. Rd1 {[%emt 0:00:08]} Bd4 {[%emt 0:00:16]} 20. Nxd4 {[%emt 0:00:30]} exd4 {[%emt 0:00:01]} 21. Nb1 {[%emt 0:00:15]} c5 {[%emt 0:00:04]} 22. Nd2 {[%emt 0:00:11]} Re8 {[%emt 0:00:02]} 23. Bd3 {[%emt 0:00:06]} Qe5 {[%emt 0:00:40]} 24. Re1 {[%emt 0:00:22]} Bc6 {[%emt 0:01:56]} 25. Bb5 {[%emt 0:01:57]} Qc7 {[%emt 0:01:21]} 26. Bxc6 {[%emt 0:00:55]} Qxc6 {[%emt 0:00:01]} 27. b3 {[%emt 0:00:04]} Nd5 {[%emt 0:02:45]} 28. Qd3 {[%emt 0:00:59]} Nc3 {[%emt 0:00:39]} 29. f3 {[%emt 0:00:11]} Re6 {[%emt 0:01:30]} 30. Nb1 {[%emt 0:00:13]} Nd5 {[%emt 0:00:36]} 31. Rc1 {[%emt 0:00:08]} Nf4 {[%emt 0:00:21]} 32. Qd2 {[%emt 0:00:07]} Qc7 {[%emt 0:00:11]} 33. Qf2 {[%emt 0:00:12]} Rg6 {[%emt 0:00:05]} 34. Nd2 {[%emt 0:00:13]} Nxh3+ {[%emt 0:00:04]} 0-1